[Event "SC Remagen-Sinzig I-SC Heimbach-Weis/Ne"]
[Site "?"]
[Date "2017.11.12"]
[Round "4.5"]
[White "Ronge, Tim Hendrik"]
[Black "Huhndorf, Arnold"]
[Result "0-1"]
[WhiteElo "2125"]
[BlackElo "2211"]
[PlyCount "80"]
[EventDate "2017.??.??"]
[WhiteTeam "SC Heimbach-Weis/Neuwied I"]
[BlackTeam "SC Remagen-Sinzig I"]

1. d4 Nf6 2. c4 c5 3. d5 g6 4. Nc3 Bg7 5. e4 d6 6. Nf3 O-O 7. Be2 e6 8. Nd2 Re8
9. O-O Na6 10. f3 Nc7 11. a4 b6 12. Rb1 Rb8 13. Re1 Nh5 14. Nf1 exd5 15. cxd5
f5 16. f4 Bd4+ 17. Kh1 Nf6 18. e5 dxe5 19. fxe5 Nfxd5 20. Bc4 Be6 21. Qb3 Kg7
22. Nd2 Ne3 23. Bxe6 Nxe6 24. Nf3 Ng4 25. h3 Nf2+ 26. Kh2 Nd3 27. Re2 Nxe5 28.
Nxe5 Bxe5+ 29. Rxe5 Qc7 30. Bf4 Nxf4 31. Rxe8 Ne2+ 32. Kh1 Ng3+ 33. Kg1 Rxe8
34. Rd1 Qe7 35. Qb5 Qe3+ 36. Kh2 Qe5 37. Rd7+ Kh6 38. Qc4 Ne2+ 39. Kh1 Ng3+ 40.
Kg1 Qe1+ 0-1

[Event "SC Remagen-Sinzig I-SC Heimbach-Weis/Ne"]
[Site "?"]
[Date "2017.11.12"]
[Round "4.7"]
[White "Schäfer, Jochen"]
[Black "Thönnes, Frank"]
[Result "1-0"]
[WhiteElo "2133"]
[BlackElo "2070"]
[PlyCount "83"]
[EventDate "2017.??.??"]
[WhiteTeam "SC Heimbach-Weis/Neuwied I"]
[BlackTeam "SC Remagen-Sinzig I"]

1. Nf3 Nf6 2. c4 b6 3. g3 Bb7 4. Bg2 e5 5. O-O d6 6. Nc3 g6 7. d4 exd4 8. Nxd4
Bxg2 9. Kxg2 Bg7 10. e4 O-O 11. f3 Qd7 12. Bg5 h6 13. Be3 Kh7 14. Rc1 Nc6 15.
Rf2 Ne5 16. Nd5 Rad8 17. h3 Nc6 18. Rfc2 Ne8 19. Nxc6 Qxc6 20. b4 Qa4 21. b5
Rd7 22. Qd3 c5 23. Rb1 Nf6 24. Nc3 Qa5 25. Bd2 Re8 26. Rb3 Re5 27. Nd1 Qa4 28.
Ra3 Qxa3 29. Qxa3 d5 30. cxd5 Ne8 31. Nb2 Nd6 32. Bf4 Ree7 33. Bxd6 Rxd6 34.
Nc4 Rdd7 35. Qd3 Bd4 36. Re2 Kg7 37. d6 Re6 38. e5 f6 39. f4 fxe5 40. Rxe5 Bxe5
41. fxe5 Rd8 42. Qd5 1-0

[Event "SC Remagen-Sinzig I-SC Heimbach-Weis/Ne"]
[Site "?"]
[Date "2017.11.12"]
[Round "4.8"]
[White "Busch, Raimund"]
[Black "Jahn, Peter"]
[Result "1-0"]
[WhiteElo "2262"]
[BlackElo "2054"]
[PlyCount "47"]
[EventDate "2017.??.??"]
[WhiteTeam "SC Remagen-Sinzig I"]
[BlackTeam "SC Heimbach-Weis/Neuwied I"]

1. Nf3 d5 2. d4 Nf6 3. Bf4 e6 4. e3 Nh5 5. Bg5 Be7 6. Bxe7 Qxe7 7. c4 c6 8. Nc3
Nd7 9. Qc2 Nhf6 10. O-O-O Nb6 11. e4 dxe4 12. Nxe4 Nxe4 13. Qxe4 Bd7 14. Bd3
O-O-O 15. Rhe1 Kb8 16. Re3 h6 17. Be2 Ka8 18. Ra3 Qb4 19. Rb3 Qa5 20. Ne5 Rhf8
21. Ra3 Qb4 22. c5 Nd5 23. Qc2 b5 24. Ra6 1-0

[Event "SK Gau-Algesheim I-Gambit Saarbrücken I"]
[Site "?"]
[Date "2017.11.12"]
[Round "4.1"]
[White "Pucher, Sebastien"]
[Black "Ovsejevitsch, Sergei"]
[Result "0-1"]
[WhiteElo "2338"]
[BlackElo "2602"]
[PlyCount "138"]
[EventDate "2017.??.??"]
[WhiteTeam "Gambit Saarbrücken I"]
[BlackTeam "SK Gau-Algesheim I"]

1. c4 e5 2. Nc3 Bb4 3. Qc2 Ne7 4. Nf3 Nbc6 5. e3 O-O 6. Be2 Bxc3 7. Qxc3 e4 8.
Nd4 d5 9. b3 Nxd4 10. Qxd4 Nc6 11. Qxd5 Qf6 12. Rb1 Qg6 13. Kf1 Bg4 14. Bxg4
Qxg4 15. f3 exf3 16. gxf3 Qh3+ 17. Kf2 Qh4+ 18. Kg2 Rfe8 19. f4 Qg4+ 20. Kf2
Nb4 21. Qf3 Nd3+ 22. Ke2 Nxf4+ 23. Kf2 Nh3+ 24. Ke2 Ng1+ 25. Rxg1 Qxg1 26. Qg3
Qxg3 27. hxg3 Re4 28. Bb2 Rae8 29. Rf1 Rg4 30. Kf3 f5 31. Rd1 h5 32. Rh1 g6 33.
Bd4 Kf7 34. a4 a6 35. Bc3 Ke6 36. d4 c6 37. Rd1 Kd7 38. d5 c5 39. Bf6 Kd6 40.
a5 Rf8 41. Bc3 g5 42. Be1 Rb8 43. Ra1 h4 44. gxh4 gxh4 45. Bf2 b5 46. axb6 Rxb6
47. Ra3 Kd7 48. e4 h3 49. exf5 h2 50. Ra1 Rg8 51. Rh1 Rxb3+ 52. Kf4 Rh3 53.
Bxc5 Rh4+ 54. Kf3 Rxc4 55. Be3 Rf8 56. Rxh2 Rxf5+ 57. Ke2 Rc2+ 58. Bd2 Rxd5 59.
Kd1 Rc4 60. Ke2 Re4+ 61. Be3 a5 62. Kf3 Re8 63. Kf4 a4 64. Ra2 Ra8 65. Ke4 Rd6
66. Bd4 Kc6 67. Kd3 Kb5 68. Rb2+ Ka5 69. Kc4 Rxd4+ 0-1

[Event "SK Gau-Algesheim I-Gambit Saarbrücken I"]
[Site "?"]
[Date "2017.11.12"]
[Round "4.2"]
[White "Kling, Felix"]
[Black "Muller, Etienne"]
[Result "0-1"]
[WhiteElo "2243"]
[BlackElo "2139"]
[PlyCount "44"]
[EventDate "2017.??.??"]
[WhiteTeam "SK Gau-Algesheim I"]
[BlackTeam "Gambit Saarbrücken I"]

1. d4 Nf6 2. Nf3 g6 3. c4 Bg7 4. Nc3 O-O 5. e4 d6 6. Be2 e5 7. O-O exd4 8. Nxd4
Re8 9. f3 Nc6 10. Be3 Nd7 11. Qd2 f5 12. Nxc6 bxc6 13. exf5 gxf5 14. Bg5 Bxc3
15. bxc3 Rxe2 16. Qxe2 Qxg5 17. f4 Qf6 18. Qe8+ Qf8 19. Qe6+ Qf7 20. Qh6 Nf6
21. Rf3 Ne4 22. Re1 Bd7 0-1

[Event "SK Gau-Algesheim I-Gambit Saarbrücken I"]
[Site "?"]
[Date "2017.11.12"]
[Round "4.3"]
[White "Erhardt, Michael"]
[Black "Michels, Achim"]
[Result "0-1"]
[WhiteElo "2093"]
[BlackElo "2160"]
[PlyCount "106"]
[EventDate "2017.??.??"]
[WhiteTeam "Gambit Saarbrücken I"]
[BlackTeam "SK Gau-Algesheim I"]

1. e4 c5 2. Nf3 d6 3. Bb5+ Bd7 4. Bxd7+ Nxd7 5. O-O Ngf6 6. Re1 e6 7. Nc3 Be7
8. d4 cxd4 9. Qxd4 Qb6 10. Be3 Qxd4 11. Bxd4 O-O 12. Rad1 a6 13. a4 Rfd8 14.
Re2 Rac8 15. Red2 e5 16. Be3 Rxc3 17. bxc3 Nxe4 18. Rd3 Ndc5 19. Bxc5 Nxc5 20.
Re3 Nxa4 21. Nd2 f5 22. Kf1 Rc8 23. c4 Kf7 24. f3 Ke6 25. Ra1 Bg5 26. Rd3 Nb2
27. Rd5 Bxd2 28. Rxd2 Nxc4 29. Re2 f4 30. Ke1 Rc6 31. Rb1 b5 32. g3 g5 33. Rb4
Rc5 34. Kd1 Ne3+ 35. Kc1 a5 36. Rb3 b4 37. h4 gxh4 38. gxh4 Rd5 39. Rd3 Rxd3
40. cxd3 a4 41. Kb2 Kd5 42. Re1 Kd4 43. Rg1 Kxd3 44. Rg7 Nc4+ 45. Ka1 Kc3 46.
Rxh7 b3 47. Rc7 e4 48. fxe4 f3 49. h5 f2 50. Rf7 Nd2 51. Rc7+ Kb4 52. Rf7 Ka3
53. Rc7 b2# 0-1

[Event "SK Gau-Algesheim I-Gambit Saarbrücken I"]
[Site "?"]
[Date "2017.11.12"]
[Round "4.4"]
[White "Karsay, Pascal"]
[Black "Groß, Georg"]
[Result "1-0"]
[WhiteElo "2131"]
[BlackElo "2237"]
[PlyCount "135"]
[EventDate "2017.??.??"]
[WhiteTeam "SK Gau-Algesheim I"]
[BlackTeam "Gambit Saarbrücken I"]

1. e4 Nc6 2. Nf3 d6 3. d4 Nf6 4. Nc3 g6 5. h3 Bg7 6. Be3 a6 7. Qe2 O-O 8. Rd1
b5 9. a3 d5 10. e5 Ne4 11. Nd2 f5 12. Ndxe4 fxe4 13. Qd2 Rb8 14. Be2 Be6 15.
O-O Qd7 16. Kh2 Nd8 17. b4 c6 18. f3 exf3 19. Bxf3 Nb7 20. Ne2 Bf5 21. g4 Be6
22. Nf4 Rf7 23. Rf2 Rbf8 24. Rdf1 Nd8 25. Nd3 Nb7 26. Qe2 Qc7 27. h4 Bc8 28. h5
Nd8 29. h6 Bh8 30. Bg2 Rxf2 31. Rxf2 Rxf2 32. Bxf2 Ne6 33. Be3 Qd8 34. Nf4 Nxf4
35. Bxf4 Be6 36. Bg5 Qf8 37. Kg3 Kf7 38. Qf3+ Ke8 39. Qc3 Bd7 40. e6 Bxe6 41.
Qxc6+ Kf7 42. Bxd5 Bxd5 43. Qxd5+ Ke8 44. c3 Qf1 45. Qa8+ Kf7 46. Qf3+ Qxf3+
47. Kxf3 Ke6 48. Ke4 Bf6 49. Bf4 Bh4 50. g5 Be1 51. d5+ Kd7 52. Kd4 Bf2+ 53.
Be3 Bg3 54. c4 bxc4 55. Kxc4 Bb8 56. a4 Bd6 57. b5 axb5+ 58. axb5 Bc7 59. b6
Be5 60. Kb5 Bg3 61. b7 Bb8 62. Bc5 Bc7 63. Ka6 e6 64. dxe6+ Kxe6 65. Ka7 Kd7
66. Ka8 Bf4 67. Ba7 Kc6 68. Bb8 1-0

[Event "SK Gau-Algesheim I-Gambit Saarbrücken I"]
[Site "?"]
[Date "2017.11.12"]
[Round "4.5"]
[White "Forthoffer, Patrick"]
[Black "Brückner, Eike"]
[Result "1/2-1/2"]
[WhiteElo "2188"]
[BlackElo "2099"]
[PlyCount "55"]
[EventDate "2017.??.??"]
[WhiteTeam "Gambit Saarbrücken I"]
[BlackTeam "SK Gau-Algesheim I"]

1. d4 d5 2. Nf3 Nf6 3. c4 c6 4. cxd5 cxd5 5. Nc3 Nc6 6. Bf4 Bf5 7. Qb3 Na5 8.
Qa4+ Bd7 9. Qc2 e6 10. e3 Nc6 11. a3 Be7 12. Bd3 Nh5 13. Be5 f6 14. Bg3 Nxg3
15. hxg3 f5 16. g4 fxg4 17. Bxh7 Kf8 18. Nd2 Bg5 19. O-O-O Be8 20. Kb1 Qf6 21.
Ka1 g6 22. f4 Bh4 23. g3 Rxh7 24. gxh4 Ne7 25. Rdg1 Rxh4 26. Qd1 Nf5 27. Nf1 g3
28. Qf3 1/2-1/2

[Event "SK Gau-Algesheim I-Gambit Saarbrücken I"]
[Site "?"]
[Date "2017.11.12"]
[Round "4.6"]
[White "Frede, Lennart"]
[Black "Hänßel, Christian"]
[Result "1/2-1/2"]
[WhiteElo "2143"]
[BlackElo "2090"]
[PlyCount "40"]
[EventDate "2017.??.??"]
[WhiteTeam "SK Gau-Algesheim I"]
[BlackTeam "Gambit Saarbrücken I"]

1. e4 c5 2. Nc3 Nc6 3. Nf3 d6 4. Bb5 Bd7 5. O-O e6 6. d3 Nge7 7. Bg5 Qc7 8. a4
a6 9. Bc4 Ne5 10. Nxe5 dxe5 11. f4 f6 12. f5 exf5 13. Bxf6 gxf6 14. Qh5+ Kd8
15. exf5 Bc6 16. Qf7 Rg8 17. Ne4 Qd7 18. Rf2 Bd5 19. Qxh7 Bxe4 20. Bxg8 Bxf5
1/2-1/2

[Event "SK Gau-Algesheim I-Gambit Saarbrücken I"]
[Site "?"]
[Date "2017.11.12"]
[Round "4.7"]
[White "Keil, Andreas"]
[Black "Erlekam, Simon"]
[Result "0-1"]
[WhiteElo "2192"]
[BlackElo "1836"]
[PlyCount "150"]
[EventDate "2017.??.??"]
[WhiteTeam "Gambit Saarbrücken I"]
[BlackTeam "SK Gau-Algesheim I"]

1. c4 Nf6 2. Nc3 e5 3. e4 g6 4. g3 Bg7 5. Bg2 d6 6. Nge2 O-O 7. O-O c6 8. d3
Nh5 9. Be3 f5 10. f4 Be6 11. Qd2 Qe7 12. Rae1 Nd7 13. b3 Nhf6 14. h3 a6 15. Kh2
Rad8 16. Rf2 fxe4 17. dxe4 b5 18. f5 Bf7 19. cxb5 axb5 20. g4 b4 21. Nd1 d5 22.
g5 Nxe4 23. Bxe4 dxe4 24. f6 Nxf6 25. gxf6 Bxf6 26. Qc2 Bh4 27. Bc5 Qd7 28.
Bxf8 Bxf2 29. Nxf2 Rxf8 30. Nxe4 Be6 31. Rd1 Bd5 32. N2g3 Qe7 33. Rf1 Rf4 34.
Qe2 Qh4 35. Re1 Be6 36. Qg2 Bd5 37. Re2 Kf7 38. Nd6+ Ke6 39. Nde4 Ke7 40. Qh1
Be6 41. Kg2 Bd5 42. Kh2 Be6 43. Qg2 Bd5 44. Re3 Ke6 45. Nc5+ Kd6 46. Nge4+ Kc7
47. Qg3 Qe7 48. Qg5 Rf2+ 49. Kg3 Rg2+ 50. Kxg2 Qxg5+ 51. Kf2 Qf4+ 52. Rf3 Qh2+
53. Ke3 Qg1+ 54. Rf2 Qc1+ 55. Kd3 Qd1+ 56. Nd2 Kd6 57. Nb7+ Ke7 58. Nc5 Qg1 59.
Ke2 Qg3 60. Nd3 Qxh3 61. Nxe5 Qe6 62. Ke1 Kd6 63. Re2 Qxe5 64. Rxe5 Kxe5 65.
Ke2 Kf4 66. Kf2 h5 67. Nf1 h4 68. Nd2 g5 69. Nf1 g4 70. Kg1 g3 71. Nd2 h3 72.
Nf1 Bg2 73. Nd2 Ke3 74. Nc4+ Kd4 75. Nd6 Be4 0-1

[Event "SK Gau-Algesheim I-Gambit Saarbrücken I"]
[Site "?"]
[Date "2017.11.12"]
[Round "4.8"]
[White "Grieb, Lukas"]
[Black "Etienne, Eric"]
[Result "0-1"]
[WhiteElo "1778"]
[BlackElo "2075"]
[PlyCount "74"]
[EventDate "2017.??.??"]
[WhiteTeam "SK Gau-Algesheim I"]
[BlackTeam "Gambit Saarbrücken I"]

1. e4 Nc6 2. d4 e5 3. Nf3 exd4 4. Nxd4 Bc5 5. Be3 Qf6 6. c3 Qg6 7. Nd2 Nf6 8.
Qc2 Ng4 9. O-O-O Nxe3 10. fxe3 d6 11. Bc4 Bd7 12. Rdf1 Ne5 13. Qb3 Nxc4 14.
Nxc4 Bc6 15. Nxc6 bxc6 16. Qa4 O-O 17. Qxc6 Qxg2 18. Qd5 Rae8 19. Nd2 Bxe3 20.
Re1 Re5 21. Qd3 Bxd2+ 22. Qxd2 Qxd2+ 23. Kxd2 Rfe8 24. Rhf1 Rxe4 25. Rxe4 Rxe4
26. Rf5 Re5 27. Rf4 g5 28. Ra4 f5 29. Rxa7 f4 30. Rxc7 f3 31. Rc8+ Kg7 32. Rc7+
Kg6 33. Rc8 Re2+ 34. Kd1 Rxb2 35. a4 Rb1+ 36. Kd2 f2 37. Rg8+ Kf7 0-1

[Event "SC Heimbach-Weis/Neuwied I-SK Gau-Alges"]
[Site "?"]
[Date "2017.11.26"]
[Round "5.1"]
[White "Ovsejevitsch, Sergei"]
[Black "Boidman, Yuri"]
[Result "1-0"]
[WhiteElo "2602"]
[BlackElo "2319"]
[PlyCount "40"]
[EventDate "2017.??.??"]
[WhiteTeam "SK Gau-Algesheim I"]
[BlackTeam "SC Heimbach-Weis/Neuwied I"]

1. e4 d5 2. exd5 Nf6 3. Nf3 Nxd5 4. d4 g6 5. Bc4 Bg7 6. O-O O-O 7. Re1 Nc6 8.
c3 h6 9. Bb3 Nb6 10. Bf4 Bf5 11. Nh4 Bxb1 12. Rxb1 e5 13. Bg3 exd4 14. Nxg6 Re8
15. Rxe8+ Qxe8 16. Nh4 Qd7 17. Qh5 dxc3 18. bxc3 Qe7 19. Nf5 Qf8 20. Bxc7 Re8
1-0

[Event "SC Heimbach-Weis/Neuwied I-SK Gau-Alges"]
[Site "?"]
[Date "2017.11.26"]
[Round "5.2"]
[White "Philipowski, Robert"]
[Black "Kling, Felix"]
[Result "1-0"]
[WhiteElo "2295"]
[BlackElo "2243"]
[PlyCount "89"]
[EventDate "2017.??.??"]
[WhiteTeam "SC Heimbach-Weis/Neuwied I"]
[BlackTeam "SK Gau-Algesheim I"]

1. e4 e5 2. Nf3 Nf6 3. Nxe5 d6 4. Nf3 Nxe4 5. c4 Be7 6. d4 Ng5 7. Nc3 Bg4 8.
Be2 Nxf3+ 9. Bxf3 Bxf3 10. Qxf3 Nc6 11. Be3 O-O 12. O-O Qd7 13. Qe2 Rfe8 14.
Qd2 Bf8 15. b3 Ne7 16. d5 Nf5 17. Bf4 h6 18. Qd3 g5 19. Bd2 Bg7 20. Rae1 Nh4
21. h3 Rxe1 22. Rxe1 Ng6 23. Ne4 f5 24. Ng3 Rf8 25. Re6 Qf7 26. Qxf5 Ne5 27.
Qxf7+ Rxf7 28. Nh5 Nd3 29. Rg6 Kh7 30. Rxg7+ Rxg7 31. Nxg7 Kxg7 32. Kf1 Kg6 33.
Ke2 Ne5 34. f4 Nd7 35. Kf3 Kf5 36. g4+ Kg6 37. Bc3 b6 38. Bd4 Nb8 39. Kg3 Nd7
40. h4 gxf4+ 41. Kxf4 a6 42. h5+ Kf7 43. Kf3 b5 44. cxb5 axb5 45. a4 1-0

[Event "SC Heimbach-Weis/Neuwied I-SK Gau-Alges"]
[Site "?"]
[Date "2017.11.26"]
[Round "5.3"]
[White "Karsay, Pascal"]
[Black "Roos, Thomas"]
[Result "0-1"]
[WhiteElo "2131"]
[BlackElo "2197"]
[PlyCount "46"]
[EventDate "2017.??.??"]
[WhiteTeam "SK Gau-Algesheim I"]
[BlackTeam "SC Heimbach-Weis/Neuwied I"]

1. e4 c5 2. Nf3 d6 3. d4 cxd4 4. Nxd4 Nf6 5. Nc3 Nc6 6. Bg5 e6 7. Qd2 Be7 8.
O-O-O O-O 9. f4 Nxd4 10. Qxd4 Qa5 11. Kb1 h6 12. h4 Rd8 13. Be2 e5 14. Qe3 exf4
15. Bxf4 Be6 16. Nd5 Bxd5 17. exd5 Nxd5 18. Rxd5 Qxd5 19. Qxe7 Qxg2 20. Rd1 Re8
21. Bf1 Qf2 22. Qxd6 Re1 23. Bg3 Qxg3 0-1

[Event "SC Heimbach-Weis/Neuwied I-SK Gau-Alges"]
[Site "?"]
[Date "2017.11.26"]
[Round "5.4"]
[White "Schäfer, Jochen"]
[Black "Bauer, Björn-Benny"]
[Result "1-0"]
[WhiteElo "2133"]
[BlackElo "2206"]
[PlyCount "57"]
[EventDate "2017.??.??"]
[WhiteTeam "SC Heimbach-Weis/Neuwied I"]
[BlackTeam "SK Gau-Algesheim I"]

1. Nf3 c5 2. g3 d5 3. Bg2 Nc6 4. O-O e5 5. c4 d4 6. d3 Be7 7. b4 cxb4 8. a3
bxa3 9. Qa4 Bd7 10. Bxa3 Nf6 11. Nbd2 O-O 12. Rfb1 Rb8 13. Ng5 Ne8 14. Nge4 b6
15. Nc5 bxc5 16. Bxc6 Rxb1+ 17. Rxb1 Bxc6 18. Qxc6 Qa5 19. Bc1 Nf6 20. Kg2 Rd8
21. Rb7 Kf8 22. Nf3 Qa2 23. Qc7 Re8 24. Qxe5 Qa6 25. Qc7 Qe6 26. e4 dxe3 27.
Bxe3 Qf5 28. Ne5 Rc8 29. Qxe7+ 1-0

[Event "SC Heimbach-Weis/Neuwied I-SK Gau-Alges"]
[Site "?"]
[Date "2017.11.26"]
[Round "5.5"]
[White "Weyerhäuser, Jörg"]
[Black "Jahn, Peter"]
[Result "1/2-1/2"]
[WhiteElo "2076"]
[BlackElo "2054"]
[PlyCount "58"]
[EventDate "2017.??.??"]
[WhiteTeam "SK Gau-Algesheim I"]
[BlackTeam "SC Heimbach-Weis/Neuwied I"]

1. d4 d5 2. c4 e6 3. Nc3 Nf6 4. Bg5 Be7 5. Nf3 Nbd7 6. e3 h6 7. Bh4 Ne4 8. Bxe7
Qxe7 9. Qc2 Nxc3 10. Qxc3 c6 11. Bd3 O-O 12. O-O dxc4 13. Bxc4 c5 14. Bb5 cxd4
15. Qxd4 a6 16. Bxd7 Bxd7 17. Rfc1 Rfc8 18. Ne5 Be8 19. Qb6 f6 20. Nd3 Kf7 21.
f3 Rc6 22. Rxc6 Bxc6 23. Rc1 Qd8 24. Qxd8 Rxd8 25. Nc5 Ke7 26. Rc2 Rc8 27. Nd3
b6 28. Kf2 Bb7 29. Rxc8 Bxc8 1/2-1/2

[Event "SC Heimbach-Weis/Neuwied I-SK Gau-Alges"]
[Site "?"]
[Date "2017.11.26"]
[Round "5.6"]
[White "Kertesz, Alfred"]
[Black "Erlekam, Simon"]
[Result "1/2-1/2"]
[WhiteElo "2250"]
[BlackElo "1836"]
[PlyCount "76"]
[EventDate "2017.??.??"]
[WhiteTeam "SC Heimbach-Weis/Neuwied I"]
[BlackTeam "SK Gau-Algesheim I"]

1. d4 Nf6 2. c4 g6 3. Nc3 Bg7 4. e4 d6 5. f3 Nbd7 6. Be3 e5 7. d5 O-O 8. Bd3
Ne8 9. Qd2 Nc5 10. Bc2 a5 11. Nge2 f5 12. exf5 gxf5 13. Bg5 Qd7 14. O-O-O Kh8
15. Ng3 Qf7 16. h4 f4 17. Nge4 Nxe4 18. Bxe4 Bf5 19. h5 Bxe4 20. Nxe4 Bf6 21.
Bxf6+ Nxf6 22. Ng5 Qe7 23. Ne6 Rg8 24. g4 fxg3 25. Rdg1 c6 26. Rh3 cxd5 27.
cxd5 Rac8+ 28. Kb1 b6 29. h6 g2 30. Rh2 Qb7 31. Rhxg2 Qxd5 32. Qxd5 Nxd5 33.
Ng5 Rgf8 34. Rd2 Nf4 35. Rxd6 Ne2 36. Rd7 Nxg1 37. Rxh7+ Kg8 38. Rg7+ Kh8
1/2-1/2

[Event "SC Heimbach-Weis/Neuwied I-SK Gau-Alges"]
[Site "?"]
[Date "2017.11.26"]
[Round "5.7"]
[White "Grieb, Lukas"]
[Black "Spreemann, Ralf"]
[Result "0-1"]
[WhiteElo "1778"]
[BlackElo "2037"]
[PlyCount "86"]
[EventDate "2017.??.??"]
[WhiteTeam "SK Gau-Algesheim I"]
[BlackTeam "SC Heimbach-Weis/Neuwied I"]

1. e4 c6 2. d4 d5 3. Nc3 dxe4 4. Nxe4 Nf6 5. Nxf6+ gxf6 6. Nf3 Bg4 7. Be2 e6 8.
Bf4 Bd6 9. Qd2 Qc7 10. Bxd6 Qxd6 11. Rd1 Nd7 12. O-O O-O-O 13. c4 Kb8 14. c5
Nxc5 15. dxc5 Qxd2 16. Rxd2 Rxd2 17. Nxd2 Bxe2 18. Re1 Bd3 19. f3 f5 20. Kf2
Rd8 21. Kg3 Rd5 22. b4 a5 23. bxa5 Rxc5 24. Nb3 Rc2 25. Rd1 Rc3 26. Kh4 Kc7 27.
Kg5 e5 28. Kf6 e4 29. fxe4 fxe4 30. Kxf7 Rc2 31. Ke6 Rxg2 32. Nc5 Rxh2 33. Nxd3
exd3 34. Rxd3 Re2+ 35. Kf6 Rxa2 36. Rh3 Rxa5 37. Rxh7+ Kb6 38. Ke6 Rd5 39. Rf7
Rd1 40. Ke5 c5 41. Ke4 Kc6 42. Rg7 b5 43. Rg6+ Rd6 0-1

[Event "SC Heimbach-Weis/Neuwied I-SK Gau-Alges"]
[Site "?"]
[Date "2017.11.26"]
[Round "5.8"]
[White "Fink, Christian"]
[Black "Frömbgen, Andreas"]
[Result "1/2-1/2"]
[WhiteElo "2127"]
[BlackElo "1897"]
[PlyCount "55"]
[EventDate "2017.??.??"]
[WhiteTeam "SC Heimbach-Weis/Neuwied I"]
[BlackTeam "SK Gau-Algesheim I"]

1. e4 d6 2. d4 Nf6 3. Nc3 e5 4. Nf3 exd4 5. Nxd4 Be7 6. Be2 O-O 7. Be3 Re8 8.
Qd2 Bf8 9. f3 a6 10. g4 b5 11. Bg5 Bb7 12. O-O-O Nbd7 13. Nd5 c6 14. Nxf6+ Nxf6
15. Nf5 d5 16. Qf4 Qb8 17. Qxb8 Raxb8 18. Bxf6 gxf6 19. Rhg1 Rbd8 20. g5 Bc5
21. Rg2 fxg5 22. Rxg5+ Kf8 23. Rh5 Bc8 24. Nd4 Bxd4 25. Rxd4 Kg7 26. e5 f6 27.
exf6+ Kxf6 28. Bd3 1/2-1/2

[Event "SV Worms 1878 I-SC Remagen-Sinzig I"]
[Site "?"]
[Date "2017.11.26"]
[Round "5.1"]
[White "Chatalbashev, Boris"]
[Black "Nasshan, Dennis"]
[Result "1-0"]
[WhiteElo "2552"]
[BlackElo "2348"]
[PlyCount "87"]
[EventDate "2017.??.??"]
[WhiteTeam "SC Remagen-Sinzig I"]
[BlackTeam "SV Worms 1878 I"]

1. Nf3 Nf6 2. c4 e6 3. g3 d5 4. Bg2 Be7 5. O-O O-O 6. b3 b6 7. Nc3 Bb7 8. e3
Nbd7 9. Bb2 c5 10. Qc2 Rc8 11. Rac1 Qc7 12. cxd5 Nxd5 13. Nxd5 Bxd5 14. e4 Bb7
15. d4 Qb8 16. d5 exd5 17. exd5 Bxd5 18. Rcd1 Bxf3 19. Bxf3 Rcd8 20. Qe4 Bf6
21. Rxd7 Bxb2 22. Rb7 Qe5 23. Rxa7 Qxe4 24. Bxe4 Rfe8 25. Bc6 Re6 26. Bd5 Rf6
27. Re1 g6 28. Re2 Bd4 29. Bc4 Kf8 30. Kg2 Re8 31. Rxe8+ Kxe8 32. f4 Kf8 33.
Kf3 g5 34. Ke4 h6 35. f5 Bg1 36. h3 Kg7 37. g4 Bh2 38. Rb7 Bg3 39. Bd5 Kf8 40.
a4 Bf2 41. Kd3 Ke8 42. Kc4 Kd8 43. Bxf7 Bg3 44. Be6 1-0

[Event "SV Worms 1878 I-SC Remagen-Sinzig I"]
[Site "?"]
[Date "2017.11.26"]
[Round "5.2"]
[White "Heider, Martin"]
[Black "Dgebuadze, Alexandre"]
[Result "1/2-1/2"]
[WhiteElo "2356"]
[BlackElo "2524"]
[PlyCount "52"]
[EventDate "2017.??.??"]
[WhiteTeam "SV Worms 1878 I"]
[BlackTeam "SC Remagen-Sinzig I"]

1. d4 e6 2. c4 Bb4+ 3. Nd2 Nf6 4. Ngf3 b6 5. a3 Bxd2+ 6. Qxd2 Nc6 7. b4 Bb7 8.
e3 Ne7 9. Be2 O-O 10. O-O d6 11. Bb2 Ne4 12. Qc2 f5 13. Nd2 Ng6 14. f3 Nxd2 15.
Qxd2 Qg5 16. Rf2 a5 17. b5 Rad8 18. Re1 f4 19. Bf1 e5 20. exf4 Nxf4 21. g3 Ne6
22. Bh3 Qg6 23. Bxe6+ Qxe6 24. dxe5 dxe5 25. Qc3 Qf7 26. Rxe5 Rd1+ 1/2-1/2

[Event "SV Worms 1878 I-SC Remagen-Sinzig I"]
[Site "?"]
[Date "2017.11.26"]
[Round "5.3"]
[White "Popovic, Petar"]
[Black "Ollenberger, Roland"]
[Result "1-0"]
[WhiteElo "2446"]
[BlackElo "2287"]
[PlyCount "72"]
[EventDate "2017.??.??"]
[WhiteTeam "SC Remagen-Sinzig I"]
[BlackTeam "SV Worms 1878 I"]

1. e4 c5 2. Nf3 d6 3. d4 cxd4 4. Nxd4 Nf6 5. Nc3 g6 6. g3 Bg7 7. Bg2 O-O 8. h3
Nbd7 9. O-O a6 10. a4 e6 11. Be3 Qc7 12. Nde2 Rb8 13. Qd2 Ne5 14. b3 Nc6 15.
Rfd1 Rd8 16. a5 Qe7 17. Bb6 Rd7 18. Ra4 Ne8 19. Na2 Qf8 20. c4 Bh6 21. Be3 Bxe3
22. Qxe3 Qe7 23. Qb6 d5 24. cxd5 exd5 25. Rxd5 Nf6 26. Rxd7 Bxd7 27. Nac3 Ne5
28. Ra1 Bc6 29. Rd1 Ned7 30. Qd4 Re8 31. b4 Nf8 32. Nf4 Ne6 33. Nxe6 Qxe6 34.
Nd5 Bxd5 35. exd5 Qd6 36. Qc5 Qd8 1-0

[Event "SV Worms 1878 I-SC Remagen-Sinzig I"]
[Site "?"]
[Date "2017.11.26"]
[Round "5.4"]
[White "Dausch, René"]
[Black "Polaczek, Richard"]
[Result "0-1"]
[WhiteElo "2296"]
[BlackElo "2406"]
[PlyCount "54"]
[EventDate "2017.??.??"]
[WhiteTeam "SV Worms 1878 I"]
[BlackTeam "SC Remagen-Sinzig I"]

1. g3 Nf6 2. Bg2 d5 3. Nf3 b5 4. b3 e6 5. c4 a6 6. O-O Be7 7. Nc3 b4 8. Na4
Nbd7 9. a3 bxa3 10. Bxa3 Bxa3 11. Rxa3 Bb7 12. Qa1 O-O 13. Ne5 Qe7 14. Nxd7
Nxd7 15. d4 Rfb8 16. c5 e5 17. e3 e4 18. Rb1 h5 19. Nc3 h4 20. b4 hxg3 21. hxg3
c6 22. Bf1 Qe6 23. Bxa6 Rxa6 24. Rxa6 Qh3 25. b5 g5 26. bxc6 Kg7 27. Nxe4 Rh8
0-1

[Event "SV Worms 1878 I-SC Remagen-Sinzig I"]
[Site "?"]
[Date "2017.11.26"]
[Round "5.5"]
[White "Huhndorf, Arnold"]
[Black "Steinkohl, Thomas"]
[Result "1-0"]
[WhiteElo "2211"]
[BlackElo "2194"]
[PlyCount "107"]
[EventDate "2017.??.??"]
[WhiteTeam "SC Remagen-Sinzig I"]
[BlackTeam "SV Worms 1878 I"]

1. d4 Nf6 2. c4 g6 3. Nc3 Bg7 4. e4 O-O 5. Be2 d6 6. Bg5 h6 7. Be3 e5 8. d5 Kh7
9. h4 c6 10. g4 Qa5 11. f3 b5 12. h5 b4 13. Qa4 Qxa4 14. Nxa4 gxh5 15. gxh5 Bd7
16. b3 c5 17. a3 Na6 18. axb4 Nxb4 19. Kd2 Rfc8 20. Bf1 Rc7 21. Ne2 Bf8 22. Bh3
Bxh3 23. Rxh3 Ne8 24. Ng3 Ng7 25. f4 exf4 26. Bxf4 f5 27. e5 dxe5 28. Bxe5 Rf7
29. Bf4 Rd8 30. Re1 Nc6 31. Re3 Nd4 32. Ne2 Nde6 33. Kc2 Ng5 34. Rh1 Ne4 35.
Ng3 Nf2 36. Rf1 Ng4 37. Re2 Nf6 38. Be3 Nfxh5 39. Nxh5 Nxh5 40. Rh2 Ng3 41. Rf4
Ne4 42. Rfh4 Rf6 43. Nc3 Re8 44. Bf4 Nxc3 45. Kxc3 Bg7 46. Kc2 Ra6 47. d6 Ra2+
48. Kd1 Ra1+ 49. Kc2 Kg6 50. Rg2+ Kf7 51. Rxg7+ Kxg7 52. d7 Re2+ 53. Kd3 Rea2
54. Bd2 1-0

[Event "SV Worms 1878 I-SC Remagen-Sinzig I"]
[Site "?"]
[Date "2017.11.26"]
[Round "5.6"]
[White "Helbig, Daniel"]
[Black "Busch, Raimund"]
[Result "1/2-1/2"]
[WhiteElo "2159"]
[BlackElo "2262"]
[PlyCount "51"]
[EventDate "2017.??.??"]
[WhiteTeam "SV Worms 1878 I"]
[BlackTeam "SC Remagen-Sinzig I"]

1. e4 e6 2. b3 d5 3. Bb2 dxe4 4. Nc3 Nf6 5. Qe2 Bb4 6. O-O-O Qe7 7. Kb1 Bd7 8.
Nxe4 Nxe4 9. Qxe4 Bc6 10. Qg4 f5 11. Qh5+ Qf7 12. Qh3 Nd7 13. Ne2 e5 14. f4
O-O-O 15. fxe5 Rhe8 16. d4 Nxe5 17. Ng3 Ng4 18. Bc4 Bd5 19. Rdf1 Bxc4 20. bxc4
Ne3 21. Nxf5 Qd7 22. Nxe3 Qxh3 23. gxh3 Rxe3 24. Rhg1 g6 25. Rg3 Re2 26. a3
1/2-1/2